| 000 | 01246nam a2200289 i 4500 | ||
|---|---|---|---|
| 001 | 180910 | ||
| 003 | ES-MaACL | ||
| 005 | 20260216131957.0 | ||
| 008 | 120823s2011 sp d |||| | spa d | ||
| 245 | 0 | 0 |
_aCómo reformar las administraciones territoriales _b: libro marrón, Madrid, septiembre 2011 / _c[José Luis Álvarez y Juan Carlos Molero... (et al.)]. |
| 250 | _aEd. patrocinada por BBVA. | ||
| 260 |
_aMadrid : _bCírculo de Empresarios, _c2011. |
||
| 300 |
_a287 p. : _bgráf. ; _c22 cm. |
||
| 490 | 1 | _aLibro marrón | |
| 530 | _aDisponible también en sitio web. | ||
| 650 |
_aDescentralización administrativa- _zEspaña. _911822 |
||
| 650 | 0 | 4 |
_aAdministración autonómica- _zEspaña. _99616 |
| 700 | 1 |
_aÁlvarez, José Luis, _d1969- _9151350 |
|
| 700 | 1 |
_aMolero, Juan Carlos ( _d1969-) _9151351 |
|
| 710 | 2 |
_aCírculo de Empresarios. _92821 |
|
| 830 | 0 |
_aLibro marrón _9179565 |
|
| 852 |
_aES-MaACL _jA-12192 _9187789 _bR.148101 _cDEPO1 _dOlim: N-5197 |
||
| 856 | 4 |
_uhttp://www.circulodeempresarios.org/es/publicaciones/libro-marron/libro-marron-2011-como-reformar-las-administraciones-territoriales _yIr a la página |
|
| 942 |
_2udc _cMONOGRAFIA |
||
| 999 |
_c180910 _d180910 |
||